| 000 | 00343nam a2200133Ia 4500 | ||
|---|---|---|---|
| 008 | 240624s9999 xx 000 0 und d | ||
| 041 | _aeng | ||
| 082 | _a658.8 LEB | ||
| 100 | _aLEBOFF GRANT | ||
| 245 | _aSTICKY MARKETING WHY EVERYTHING IN MARKE | ||
| 260 |
_c2011 _aNew Delhi _bKogan Page |
||
| 300 | _a217 : p. : 20 : cm. | ||
| 365 |
_cRS _b33 |
||
| 999 |
_c17382 _d17382 |
||